Split second / (Record no. 29913)

MARC details
000 -LEADER
fixed length control field 02255cam a2200445 i 4500
001 - CONTROL NUMBER
control field 1164499605
003 - CONTROL NUMBER IDENTIFIER
control field OCoLC
005 - DATE AND TIME OF LATEST TRANSACTION
control field 20240626194520.0
008 - FIXED-LENGTH DATA ELEMENTS--GENERAL INFORMATION
fixed length control field 210823r20212003nyu 000 1 eng
010 ## - LIBRARY OF CONGRESS CONTROL NUMBER
LC control number 2020455728
020 ## - INTERNATIONAL STANDARD BOOK NUMBER
International Standard Book Number 9781538720042
Qualifying information (trade reissue)
020 ## - INTERNATIONAL STANDARD BOOK NUMBER
International Standard Book Number 1538720043
035 ## - SYSTEM CONTROL NUMBER
System control number (OCoLC)1164499605
Canceled/invalid control number (OCoLC)1416355733
037 ## - SOURCE OF ACQUISITION
Source of stock number/acquisition Grand Central Pub, C/O Little Brown & Co Order Dept 53 State st 9th Fl, Boston, MA, USA, 02109
Note SAN 200-2205
040 ## - CATALOGING SOURCE
Original cataloging agency DLC
Language of cataloging eng
Description conventions rda
Transcribing agency DLC
Modifying agency BDX
-- UKMGB
-- YEQ
-- ZQP
-- IHI
-- KE7
-- YDX
-- OCLCO
-- OCL
-- OCLCO
-- QS3
-- OCLCL
050 00 - LIBRARY OF CONGRESS CALL NUMBER
Classification number PS3552.A446
Item number S65 2021
082 00 - DEWEY DECIMAL CLASSIFICATION NUMBER
Classification number 813/.54
Edition number 23
100 1# - MAIN ENTRY--PERSONAL NAME
Personal name Baldacci, David,
Authority record control number https://id.loc.gov/authorities/names/n95052956
Relator term author.
245 10 - TITLE STATEMENT
Title Split second /
Statement of responsibility, etc. David Baldacci.
260 ## - PUBLICATION, DISTRIBUTION, ETC. (IMPRINT)
Place of publication, distribution, etc. New York :
Name of publisher, distributor, etc. Grand Central Publishing,
Date of publication, distribution, etc. [2021]
264 #1 - PRODUCTION, PUBLICATION, DISTRIBUTION, MANUFACTURE, AND COPYRIGHT NOTICE
Place of production, publication, distribution, manufacture New York :
Name of producer, publisher, distributor, manufacturer Grand Central Publishing,
Date of production, publication, distribution, manufacture, or copyright notice [2021]
300 ## - PHYSICAL DESCRIPTION
Extent 425 pages ;
Dimensions 21 cm.
336 ## - CONTENT TYPE
Content type term text
Content type code txt
Source rdacontent.
337 ## - MEDIA TYPE
Media type term unmediated
Media type code n
Source rdamedia.
338 ## - CARRIER TYPE
Carrier type term volume
Carrier type code nc
Source rdacarrier.
490 0# - SERIES STATEMENT
Series statement King & Maxwell series.
520 ## - SUMMARY, ETC.
Summary, etc. Two retired Secret Service agents have each had similar experiences losing presidential candidates while assigned to protect them. As the discredited agents enter a maze of lies, secrets, and deadly coincidences, they uncover a shocking truth: that the separate acts of violence that shattered their lives were really a long time in the making--and are a long way from over.
650 #0 - SUBJECT ADDED ENTRY--TOPICAL TERM
Topical term or geographic name as entry element Secret service
Form subdivision Fiction.
Authority record control number https://id.loc.gov/authorities/subjects/sh2008111429.
655 #7 - INDEX TERM--GENRE/FORM
Genre/form data or focus term Political fiction.
Source of term lcgft
Authority record control number https://id.loc.gov/authorities/genreForms/gf2014026482.
655 #7 - INDEX TERM--GENRE/FORM
Genre/form data or focus term novels.
Source of term aat.
655 #7 - INDEX TERM--GENRE/FORM
Genre/form data or focus term Novels.
Source of term fast.
655 #7 - INDEX TERM--GENRE/FORM
Genre/form data or focus term Political fiction.
Source of term fast.
655 #7 - INDEX TERM--GENRE/FORM
Genre/form data or focus term Fiction.
Source of term fast.
655 #7 - INDEX TERM--GENRE/FORM
Genre/form data or focus term Action and adventure fiction.
Source of term lcgft
Authority record control number https://id.loc.gov/authorities/genreForms/gf2014026217.
655 #7 - INDEX TERM--GENRE/FORM
Genre/form data or focus term Novels.
Source of term lcgft
Authority record control number https://id.loc.gov/authorities/genreForms/gf2015026020.
655 #7 - INDEX TERM--GENRE/FORM
Genre/form data or focus term Fiction.
Source of term lcgft
Authority record control number https://id.loc.gov/authorities/genreForms/gf2014026339.
655 #7 - INDEX TERM--GENRE/FORM
Genre/form data or focus term Romans.
Source of term rvmgf.
800 1# - SERIES ADDED ENTRY--PERSONAL NAME
Personal name Baldacci, David.
Title of a work King & Maxwell series ;
Authority record control number https://id.loc.gov/authorities/names/no2020126009
Volume/sequential designation 1.
942 ## - ADDED ENTRY ELEMENTS (KOHA)
Koha item type Libro/Book
Holdings
Withdrawn status Lost status Damaged status Not for loan Home library Current library Shelving location Date acquired Total Checkouts Full call number Barcode Checked out Date last seen Date checked out Price effective from Koha item type
        San Juan Del Sur -- Biblioteca San Juan Del Sur -- Biblioteca English 26/06/2024 2 F 30030611 14/11/2024 10/10/2024 10/10/2024 26/06/2024 Libro/Book

Powered by Koha